<?xml version="1.0" encoding="UTF-8"?>
<record
    xmlns:xsi="http://www.w3.org/2001/XMLSchema-instance"
    xsi:schemaLocation="http://www.loc.gov/MARC21/slim http://www.loc.gov/standards/marcxml/schema/MARC21slim.xsd"
    xmlns="http://www.loc.gov/MARC21/slim">

  <leader>00805nam a2200217 a 4500</leader>
  <controlfield tag="001">sa 68007477 </controlfield>
  <controlfield tag="003">DLC</controlfield>
  <controlfield tag="005">20260227112523.0</controlfield>
  <controlfield tag="008">920311m19661980bg       d    000 0 beno </controlfield>
  <datafield tag="010" ind1=" " ind2=" ">
    <subfield code="a">sa 68007477 //r95</subfield>
  </datafield>
  <datafield tag="040" ind1=" " ind2=" ">
    <subfield code="a">DLC</subfield>
    <subfield code="c">DLC</subfield>
  </datafield>
  <datafield tag="050" ind1="0" ind2="0">
    <subfield code="a">PK1687</subfield>
    <subfield code="b">.C56</subfield>
  </datafield>
  <datafield tag="100" ind1="1" ind2=" ">
    <subfield code="a">Choudhury, A. M. Faiz Ahmad.</subfield>
  </datafield>
  <datafield tag="245" ind1="1" ind2="0">
    <subfield code="a">B&#x101;&#x1E43;l&#x101;-Urd&#x16B; abhidh&#x101;na =</subfield>
    <subfield code="b">Bengali to Urdu dictionary /</subfield>
    <subfield code="c">E. Ema. Pha&#x1E8F;eja &#x100;hmada Caudhur&#x12B; sa&#x1E43;kalita.</subfield>
  </datafield>
  <datafield tag="260" ind1="0" ind2=" ">
    <subfield code="a">&#x1E0C;h&#x101;k&#x101; :</subfield>
    <subfield code="b">Kendr&#x12B;&#x1E8F;a B&#x101;&#x1E47;l&#x101;-Unna&#x1E8F;ana-Bor&#x1E0D;a,</subfield>
    <subfield code="c">1966-1980.</subfield>
  </datafield>
  <datafield tag="300" ind1=" " ind2=" ">
    <subfield code="a">4 v. ;</subfield>
    <subfield code="c">25 cm.</subfield>
  </datafield>
  <datafield tag="500" ind1=" " ind2=" ">
    <subfield code="a">Bengali and Urdu; foreword in English; pref. in Urdu.</subfield>
  </datafield>
  <datafield tag="500" ind1=" " ind2=" ">
    <subfield code="a">Vols. 3-4 have imprint: &#x1E0C;h&#x101;k&#x101; : B&#x101;&#x1E43;l&#x101; Ek&#x101;&#x1E0D;em&#x12B;.</subfield>
  </datafield>
  <datafield tag="505" ind1="0" ind2=" ">
    <subfield code="a">1.Svarabar&#x1E47;a -- 2. Bya&#xF1;jana bar&#x1E47;a.</subfield>
  </datafield>
  <datafield tag="650" ind1=" " ind2="0">
    <subfield code="a">Bengali language</subfield>
    <subfield code="x">Dictionaries</subfield>
    <subfield code="x">Urdu.</subfield>
  </datafield>
  <datafield tag="999" ind1=" " ind2=" ">
    <subfield code="c">81832</subfield>
    <subfield code="d">81832</subfield>
  </datafield>
</record>
